000 00776nam a22002417a 4500
003 UA-OsUOA
001 40284
007 ta
008 20060724b un ||||| |||| 00| 0 ukr d
100 _aНикитин Д.П.
700 _aНовиков Ю.В.
090 _a502.31
_bН62
942 _cBK
040 _aUA-OsUOA
_brus
_cUA-OsUOA
_dUA-OsUOA
245 _aОкружающая среда и человек
_bУчеб. пособие для студентов вузов
300 _a424 с.
955 _a2
041 _arus
080 _a502.31
260 _aМ.
_bВысшая школа
_c1980
650 7 _a502 Природа. Дослідження природи та її збереження. Захист живої природи
_2UDC
999 _c326423
_d326423